000 00371 a2200169 4500
001 50058
020 _a8516019209
040 _cAnchieta - Bela Vista
100 _aMachado, Ana Maria
240 1 0 _aA velhinha maluquete
_lpor
245 1 0 _aA velhinha maluquete
300 _a25
362 0 _a1998
440 1 _aModerna
650 4 _aLiteratura infantil
942 _cBK
999 _c50058
_d50058